VRAI/FAUX sur les personnages de la Bible - Statistiques

Statistiques générales
  • Ce quiz a été pris 435 fois
  • Le résultat moyen est 33 sur 101
Statistiques - réponses
Question Réponse % Correct
Ismaël est le fils d'Abraham VRAI
87%
Dorcas a été ressuscitée par Jésus FAUX
86%
Nabuchodonosor est un roi babylonien VRAI
66%
On appelle "matriarches" des prophétesses de l'ancien testament FAUX
56%
Roboam est un roi de JudaL VRAI
49%
Nicodème est Pharisien VRAI
49%
Zébédée est le père des apôtres Jacques et Jean VRAI
48%
Le Lazare ressuscité par Jésus est dit "de Béthanie" VRAI
48%
Isaac est le fils d'Abraham VRAI
48%
Le Léviathan vit dans une grotte en haut d'une montagne FAUX
47%
On ignore le nom de la femme de Loth VRAI
47%
Abraham est le fils de Jacob FAUX
46%
André est un apôtre VRAI
46%
Abel est un fils d'Adam et Eve VRAI
46%
La Samaritaine rencontrée par Jésus près d'un puits se nommait Phoebée FAUX
45%
Yishva et Yishvi, enfants d'Aser, fils de Jacob sont frère et soeur FAUX
44%
Asclodée est un démon FAUX
44%
Esau est le frère de Jacob VRAI
44%
Gad est un fils que Jacob a eu de sa servante VRAI
42%
Kénan est un patriarche qui serait mort à 210 ans FAUX
41%
Elisabeth est la mère de Jean-Baptiste VRAI
41%
Dathan est un prophète FAUX
40%
Jéroboam est le nom de plusieurs rois d'Israël VRAI
40%
Job est au coeur d'un livre de l'ancien testament VRAI
40%
Joseph d'Arimathie est le père de Jésus FAUX
39%
Banania apparait dans le livre de Daniel FAUX
39%
Eutyche a été ressuscité par Jésus FAUX
39%
Aaron est le frère de Moïse VRAI
39%
Nahum est le dernier descendant de Caïn FAUX
38%
Juda serait mort à 119 ans selon l'ancien testament VRAI
38%
Malachie serait le rédacteur du livre qui porte son nom VRAI
38%
Barabbas est un prisonnier VRAI
38%
L'histoire de Ruth est racontée dans le livre qui porte son nom VRAI
38%
Trophime est un compagnon de St Jacques le Majeur FAUX
37%
Ela est une reine d'Israël FAUX
37%
Mikhal est un ange FAUX
36%
Marie et Marthe sont les soeurs de Lazare VRAI
36%
Les 4 cavaliers de l'Apocalypse sont cités dans le 1er livre de ce nom FAUX
35%
Les séraphins sont des créatures célestes qui ont 4 paires d'ailes FAUX
34%
Dinah est le fils de Jacob et Léa FAUX
34%
Le centurion qui aurait vérifié la mort de Jésus en plantant sa lance dans le côté de celui-ci se serait appelé Lin FAUX
34%
Seth est un fils d'Adam et Eve VRAI
34%
Simon de Cyrène n'est cité qu'une fois dans les écritures VRAI
34%
Achab est un roi d'israël VRAI
34%
Myriam est la soeur de Moïse VRAI
34%
Mur a construit l'arche d'alliance FAUX
33%
Holopherne est un prophète FAUX
33%
Canaan est le fils de Noé FAUX
32%
Jessé est le père de David VRAI
32%
Jethro est le beau-père de Moïse VRAI
32%
Noé est considéré comme un prophète par l'Islam VRAI
32%
Japhet est un fils de Noé VRAI
32%
Jonas est un pêcheur FAUX
30%
Rahab est un prêtre juif FAUX
30%
Olympas a connu Jésus et a été martyrisé à Bethléem FAUX
30%
Potiphar est un centurion romain converti FAUX
30%
Caïphe est un grand prêtre VRAI
30%
David a pour épouse Abigaïl VRAI
30%
La reine de Saba aurait régné notamment sur le Yémen actuel VRAI
30%
L'apôtre Thomas est aussi appelé Dydime VRAI
30%
Débora est la femme de Daniel FAUX
29%
Jésu est un roi d'Israël FAUX
28%
Marie Salomé est une disciple de St Pierre FAUX
28%
Lamech est le père de Noé, il meurt pendant le déluge FAUX
28%
Tamar est un fils de David FAUX
27%
Haman est un grand prêtre FAUX
27%
Zachée était un citoyen romain FAUX
27%
Zimri est un roi de Juda FAUX
27%
On ignore le nom des bon et mauvais larrons VRAI
27%
Rachel apparait dans la Genèse VRAI
27%
Jacques d'Alphée est Jacques le Majeur FAUX
26%
Jared est un patriarche, il est cité dans le livre des Juges FAUX
26%
Paul, l'apôtre était originaire de Sparte FAUX
26%
Mathieu et Marc donnent Simon comme un frère de Jésus VRAI
26%
Joachim est le père de la vierge Marie VRAI
26%
Tychique est un compagnon de St Paul qui est devenu évêque VRAI
26%
Jude et Thaddée sont le même apôtre VRAI
26%
L'histoire de Samson figure dans le livre des nombres FAUX
24%
Hérodiade est un gouverneur romain FAUX
24%
Judas Macchabée est un disciple de Jésus FAUX
24%
Eléazar est le fils d'Aaron VRAI
24%
Sadoq a été le grand prêtre du temple de Salomon VRAI
23%
Abimelech est un roi de Juda FAUX
21%
Cléophas est le frère de Joseph, père nourricier de Jésus VRAI
21%
Hebron est un descendant de Lévi VRAI
21%
Méhari est un fils de Lévi FAUX
20%
Quintinius est un général romain cité dans les écritures FAUX
19%
Elon est le fils de Zébulon VRAI
19%
Le disciple Marc se nommait Jean, Marc étant son surnom VRAI
17%
Nicanor est un des premiers diacres chrétiens VRAI
17%
Mahki est un descendant de Lévi VRAI
16%
Yamin est un fils de Siméon VRAI
14%
Hiram est un architecte VRAI
14%
Judith est un personnage de la Genèse VRAI
13%
Selon Marc, Joseph est un frère de Jésus VRAI
12%
La pythonisse d'Endor est une nécromancienne VRAI
11%
Benjamin est le 12e enfant de Jacob FAUX
10%
Muriel est un archange VRAI
8%
Eli est un prophète FAUX
7%
Pallou est fils de Ruben VRAI
6%
Les rois mages sont venus rendre hommage au "roi des rois" FAUX
3%
Aucun quiz correspondant
Distribution des résultats
% des personnes avec chaque résultat
Percentile par nombre de réponses
Votre historique - résultats
Vous n’avez pas pris ce quiz